| 000 | 01038nam a22002657a 4500 | ||
|---|---|---|---|
| 001 | BRCA_9396 | ||
| 003 | FranzMayer | ||
| 005 | 20230918124904.0 | ||
| 008 | 230901b |||||||| |||| 00| 0 eng d | ||
| 020 | _a9684846614 | ||
| 040 |
_aMFM _bESPAÑOL _cMFM |
||
| 050 | 0 |
_aHF5549.5.M5 _bM33 2006 |
|
| 100 | 1 |
_4Autor _aMaas Moreno, Margarita _929510 |
|
| 240 |
_aGestión cultural, comunicación y desarrollo _hTeoría y práctica _lEspañol |
||
| 245 | 0 |
_aGestión cultural, comunicación y desarrollo _bTeoría y práctica |
|
| 260 |
_aMéxico _bUNAM _c2006 |
||
| 300 |
_a142 p _bIlustraciones _c23 cm |
||
| 500 | _aAnexo 1 | ||
| 505 | _aTexto en: españolIncluye índice temáticoIncluye bibliografíaDirigido a: personas que trabajen en recursos humanos/con mucha gente | ||
| 650 | 1 |
_2Comercio _aNegociones _vDesarrollo personal _929511 |
|
| 651 | 2 |
_2Gestión cultural _aComunicación _vDesarrollo _929512 |
|
| 700 | 1 |
_4Diseño _aGarcia Flores, Luis _929513 |
|
| 700 | 1 |
_4Rev. _aSánchez Manchero, Mauricio _929514 |
|
| 942 |
_2lcc _cB |
||
| 999 |
_c11018 _d11018 |
||